Morte di mezza estate e altri racconti /

Saved in:
Bibliografiske detaljer
Hovedforfatter: Mishima, Yukio (Author)
Andre forfattere: Moravia, Alberto, Amante, Marco
Format: Bog
Sprog:italiensk
Udgivet: Parma : U. Guanda, \1987!
Serier:Biblioteca della Fenice
Tags: Tilføj Tag
Ingen Tags, Vær først til at tagge denne postø!

MARC

LEADER 00000nam a2200000 i 4500
001 IT\ICCU\CFI\0088242
003 ItRI
005 20260115232229.0
008 890411s1987 it |||||| ||||| |||||c
015 |2 IT  |a 89-3464 
020 |a 8877462566 
040 |b ita  |c importazione bologna sebina 
041 7 |a ita  |2 ISO-639-2 
082 |a 895.635  |9 NARRATIVA GIAPPONESE. 1945-  |2 19 
100 1 |a Mishima, Yukio  |0 IT\ICCU\CFIV\002484  |4 aut 
245 1 0 |a Morte di mezza estate e altri racconti /  |c Yukio Mishima ; traduzione di Marco Amante ; prefazione di Alberto Moravia. 
260 |a Parma :  |b U. Guanda,  |c \1987! 
300 |a 249 p. ;  |c 22 cm. 
700 1 |a Moravia, Alberto  |0 IT\ICCU\CFIV\000648 
700 1 |a Amante, Marco  |0 IT\ICCU\CFIV\035538 
790 1 |a Pincherle, Alberto,  |d  (1907-1990)  |3 IT\ICCU\CFIV\000649  |z Moravia, Alberto 
790 1 |a Hiraoka, Kimitake  |3 IT\ICCU\CFIV\226673  |z Mishima, Yukio 
830 0 |a Biblioteca della Fenice  |0 IT\ICCU\CFI\0010971 
942 |2 ddc  |c BK  |n 0 
952 |0 0  |1 0  |4 0  |6 DOC_895_635000000000000_MIS  |7 0  |9 22495  |a BO  |b BO  |d 2026-01-15  |i 8564  |l 0  |o DOC 895.635 MIS  |p BO8564  |r 2026-01-15 23:22:29  |w 2026-01-15  |x [Sebina 5] [1 v.]  |y BK  |z 1 v. 
999 |c 19207  |d 19207